|
|
|
|
| LEADER |
00000cam a2200000 7i4500 |
| 001 |
0000000540 |
| 005 |
20000828.0 |
| 020 |
0 |
0 |
|a 0813382408
|
| 090 |
0 |
0 |
|a 363.45098
|b DRU 1992
|
| 245 |
0 |
0 |
|a DRUG policy in Americas
|c edited by Peter H. Smith
|
| 260 |
0 |
0 |
|a Boulder,Colo. :
|b Westview Press ,
|c 1992
|
| 300 |
|
|
|a x, 366 p. :
|b ill. ;
|c 24 cm.
|
| 500 |
0 |
0 |
|a Result of a series of workshops held at the University of California, San Diego in 1990-1991 under the auspices of the project on Hemispheric Cooperation for the prevention of Drug Abuse and Traffic
|a Includes bibliographical references and index
|
| 650 |
0 |
0 |
|a Drug traffic
|z Latin America
|
| 650 |
0 |
0 |
|a Narcotics, Control of
|x International cooperation
|
| 700 |
0 |
1 |
|a Smith
|h Peter H.
|
| 999 |
|
|
|a 0000000367
|b Monograph
|c Open Shelf
|e Default branch
|